00361 2200133 4500245009200000020002200092250001100114100001600125005001900141260003300160041001400193084001100207336000900218 aEnsiklopedia Jakarta b : Jakarta Tempo DoeLoe, Kini & Esok Jilid 2cEni SetiatihText a978-979-3535-51-2 aCet. 1 aEni Setiati a20240828084008 aJakartabLENTERA ABADIc2009 aIndonesia a959.83 atext